000 00458nam a2200157Ia 4500
008 090123s9999 xx 000 0 und d
082 _b289
100 _aनंदा गुलशन
245 _aशिशे की दिवार
250 _a0
600 _aनंदा गुलशन
630 _aशिशे की दिवार
700 _aनंदा गुलशन
730 _aशिशे की दिवार
942 _cBOOK
999 _c38377
_d38377